Statistiques concernant Générique il était une fois la vie - paroles

Cliquez ici pour prendre le quiz!

Statistiques générales

  • Ce quiz a été pris 21 fois
  • Le résultat moyen est 7 sur 22

Statistiques - réponses

Non devinéeParoles% Correct
#La belle vie qui coule dans nos {veines}
86%
#Le {monde} nous convie (voici la vie !)
76%
#La belle vie toute pressée d' {éclore}
62%
#Nous emplit de joie et de {vie}
62%
#La belle vie comme une {fête} foraine
38%
#D'en faire hymne à la {joie}, la vie
33%
#L'air vif nous {enchante}
33%
#Laissons là nos {soucis}. (la vie, la vie !)
33%
#Relevons le {défi}
33%
#A de nouvelles {aurores}
29%
#Et nous donne des {lendemains} qui chantent
29%
#Pas de temps pour d'l'{ennui}
19%
#Qui donne à tous l'{envie}
19%
#Chaque instant nous offre ses {couleurs}
14%
#D's'éclater et d'{chanter}, la vie...
14%
#Et l'{soleil} qui nous éblouit
14%
#La belle vie qui s'{écoule} seraine
14%
#Arc-en-ciel au milles {saveurs}
10%
#Dans un {rythme} étourdissant
10%
#Elle coure et nous {entraîne}
10%
#Emporte les {flots} de notre temps
10%
#Que la {joie} souveraine
10%

Distribution des résultats

Percentile par nombre de réponses

% des personnes avec chaque résultat

Votre développement - résultats

Vous n’avez pas pris ce quiz